000 00626nam a2200217Ia 4500
005 20250508170043.0
008 008 250505s9999 xx 000 0 eng d
020 _a978-93-5338-839-3
037 _aTextual
040 _aFEDL
_beng
_cFEDL
041 _aeng
_2eng
084 _aB, GAN
_qFEDL
100 _aBhatia Ravi P
245 0 _aGarland of ideas: Gandhian, religious, educational, environmental
260 _aNew Delhi, India
_bSanbun Publishers
_c2018
300 _a224p.
365 _aINR
_b275
546 _aGifted by H O D Namita Ranganathan
942 _cTEXL
_hB, GAN
999 _c1398960
_d1398960